00507nam a2200181Ia 4500008004100000020001800041082001400059100002400073245002800097250000600125260002800131300001000159500002400169650001200193942000700205952009600212999001700308230524s9999 xx 000 0 und d a9789350140567 a5.73bAGA aUdit Agarwal941979 0aData Structures Using C a2 aNew DelhibKatsonc2012 a546p; aQuantity Number: 1 aComp-Sc cBK 00104070aTATCLbTATCLcGENd2023-05-24l0o005.73 AGAp53838r2023-05-24w2023-05-24yBK c56394d56394